Modelovanie dopravy v regióne
Nové dopravno-plánovacie modely na princípe členenia obyvateľstva do skupín s rovnakým správaním v dopravnom procese. Prínosy modelovania. Dopravný model. Dezagregované postupy modelovania. Vstupy a podklady.
Guardado en:
| Autor principal: | |
|---|---|
| Formato: | Capítulo de libro |
| Lenguaje: | eslovaco |
| Materias: | |
| Etiquetas: |
Sin Etiquetas, Sea el primero en etiquetar este registro!
|
MARC
| LEADER | 00000naa$a2200000$$$4500 | ||
|---|---|---|---|
| 001 | 0067843 | ||
| 005 | 20231108134244.1 | ||
| 041 | 0 | |a slo | |
| 044 | |a SK | ||
| 245 | 1 | 0 | |a Modelovanie dopravy v regióne |c Jozef Paľo |
| 520 | |a Nové dopravno-plánovacie modely na princípe členenia obyvateľstva do skupín s rovnakým správaním v dopravnom procese. Prínosy modelovania. Dopravný model. Dezagregované postupy modelovania. Vstupy a podklady. | ||
| 610 | 2 | 0 | |a doprava cestná |
| 610 | 2 | 0 | |a doprava železničná |
| 610 | 2 | 0 | |a regióny |
| 610 | 2 | 0 | |a pohyb síl pracovných |
| 610 | 2 | 0 | |a obyvateľstvo |
| 610 | 2 | 0 | |a modelovanie |
| 610 | 2 | 0 | |a modely |
| 100 | 1 | |a Paľo, Jozef | |